Reptiles de España - Estadísticas

Estadísticas generales
  • Esta prueba ha sido intentada 43 veces
  • La puntuación promedio es 40 de 84
Estadísticas de respuestas
Especie % Correcto
Lagarto Atlántico
92%
Lagarto canario moteado
92%
Lagarto de Gran Canaria
92%
Lagarto pequeño de las Canarias
92%
Lagarto tizón
92%
Lagarto tizón de La Palma
92%
Lagarto verde
92%
Lagarto verdinegro
92%
Lagartija andaluza
89%
Lagartija aranesa
89%
Lagartija batueca
89%
Lagartija carpetana
89%
Lagartija cenicienta
89%
Lagartija colirroja
89%
Lagartija de Bocage
89%
Lagartija de Carbonell
89%
Lagartija de Columbretes
89%
Lagartija de turbera
89%
Lagartija de Valverde
89%
Lagartija ibérica
89%
Lagartija italiana
89%
Lagartija leonesa
89%
Lagartija lusitana
89%
Lagartija pallaresa
89%
Lagartija pirenaica
89%
Lagartija serrana
89%
Lagarto ágil
89%
Culebra de cogulla occidental
84%
Culebra de Esculapio
84%
Culebra real de California
84%
Culebra verdiamarilla
84%
Tortuga mediterránea
78%
Tortuga olivácea
78%
Tortuga verde
78%
Víbora áspid
73%
Víbora cantábrica
73%
Víbora hocicuda
73%
Salamanquesa común
49%
Salamanquesa rosada
49%
Galápago de Florida
43%
Galápago europeo
43%
Galápago leproso
43%
Camaleón común
32%
Culebra de escalera
27%
Culebrilla ciega
27%
Culebrilla ciega de Tánger
27%
Culebrilla mora
27%
Eslizón de Chafarinas
22%
Eslizón de Orán
22%
Eslizón ibérico
22%
Eslizón ocelado
22%
Eslizón rifeño
22%
Eslizón tridáctilo
22%
Eslizón tridáctilo del Atlas
22%
Eslizón tridáctilo enano
22%
Lución
19%
Culebra bastarda
16%
Tortuga mora
16%
Culebra lisa europea
14%
Culebra lisa meridional
14%
Lagarto ocelado
14%
Lagarto ocelado del Atlas
14%
Lisa de Gran Canaria
14%
Lisa de Salvador
14%
Lisa Dorada
14%
Lisneja
14%
Tortuga boba
14%
Culebra de herradura
11%
Lagartija colilarga occidental
11%
Lagartija colilarga oriental
11%
Lagarto gigante de El Hierro
11%
Lagarto gigante de La Gomera
11%
Lagarto gigante de La Palma
11%
Culebra de collar
8%
Culebra viperina
8%
Tortuga laúd
8%
Tortuga carey
5%
Lagartija roquera
3%
Perenquén común
3%
Perenquén de Boettger
3%
Perenquén de la Gomera
3%
Perenquén majorero
3%
Agama de Bibrón
0%
Bulán
0%
No se encontraron pruebas coincidentes
Distribución de puntuación
Porcentaje de gente con cada puntuación
Porcentaje por número respondido
Historial de tus puntuaciones
No has intentado esta prueba.